000 01254nam a2200337 i 4500
001 000013286
003 DO-SdBNP
005 20260324144207.0
007 ta
008 091123s2004 dr r 000 e spa d
020 _a9993430579
040 _aDO-SdBNP
_bspa
_cBNPHU
_erda
041 _aspa
082 4 _aRD864.5
_bR457s
_222
100 1 _aReyes Sánchez, Miguel,
_d1966-
_eautor
_4aut.
_92285
245 1 0 _aSombreros para un viajero :
_bantología de ensayos sobre cultura y literatura /
_cMiguel Reyes Sánchez.
264 4 _aSanto Domingo :
_bBanco Central de la República Dominicana,
_c©2004.
300 _a484 páginas ;
_c23 cm.
336 _atexto
_btxt
_2rdacontent
337 _asin mediación
_bn
_2rdamedia
338 _avolumen
_bnc
_2rdacarrier
490 1 _aBanco Central de la República Dominicana;
_v63
490 1 _aArte y Literatura
_v24
500 _aIncluye datos biográficos del autor en las solapas.
590 _aInventariado, 2018/BT
650 4 _aLiteratura
_xEnsayos, conferencias, etc
_98705
650 4 _aCultura
_xEnsayos, conferencias, etc.
_930480
830 0 _aBanco Central de la República Dominicana;
_n63
_930481
_pArte y Literatura
_v24
910 _aValidado. Control de calidad. MMOLINA
942 _2ddc
_cLBS1
999 _c12916
_d12916